000 00485nam a2200181Ia 4500
005 20250508152645.0
008 008 250505s9999 xx 000 0 hin d
037 _aTextual
040 _aFEDL
_beng
_cFEDL
041 _ahin
_2eng
084 _a371.2, BAN
_qFEDL
100 _aBansidhar Singh
_9762080
245 0 _aVidhalaya sangathan ave sanchalan
300 _a246p.
650 _aSchool Administration
942 _cTEXL
_h371.2, BAN
999 _c1337848
_d1337848